000
00331nam a2200157Ia 4500
100
_a
Ask/Thomas
650
_a
Industrial
942
_c
BK
366
_f
20
654
_a
disigners
245
_a
Engineering for Industrial Designers and inventors
260
_b
SPD
_c
2016
082
_b
ASK
300
_a
198
546
_a
ENGLISH
999
_c
29134
_d
29134